My Little Pony Personnages - Mort Subite - Statistiques

Statistiques générales
  • Ce quiz a été pris 143 fois
    130 depuis la dernière actualisation
  • Le résultat moyen est 9 sur 16
Answers on the Grid
Answers color-coded by a green-red scale on the quiz's grid according to % correct below.
Twilight Sparkle
Rainbow Dash
Fluttershy
Applejack
Pinkie Pie
Scootaloo
Rarity
Applebloom
Celestia
Luna
Musica
Sweet Candy
Pumpkin Cake
Pound Cake
Sugarcube
Canterlot
Adagio
Springlight
Glimmer
Sunburn
Sunburst
Maud
Winona
Anita
Percy
Lily Cherry
Hansel
Photo Finish
Shiny Arrow
Bloom
 
Statistiques - réponses
Réponse % Correct
Pinkie Pie
96%
Twilight Sparkle
94%
Fluttershy
93%
Celestia
90%
Rarity
88%
Rainbow Dash
79%
Applejack
78%
Luna
69%
Applebloom
68%
Scootaloo
59%
Pumpkin Cake
18%
Maud
15%
Photo Finish
13%
Sunburst
10%
Winona
10%
Pound Cake
6%
Aucun quiz correspondant
Distribution des résultats
% des personnes avec chaque résultat
Percentile par nombre de réponses
Votre historique - résultats
Vous n’avez pas pris ce quiz depuis la dernière actualisation